Tribhuvan University Central Library

Classroom management in teaching speaking skills (Record no. 80251)

MARC details
000 -LEADER
fixed length control field 00501nam a22001697a 4500
008 - FIXED-LENGTH DATA ELEMENTS--GENERAL INFORMATION
fixed length control field 170303b xxu||||| |||| 00| 0 eng d
082 ## - DEWEY DECIMAL CLASSIFICATION NUMBER
Classification number CD12440
100 ## - MAIN ENTRY--PERSONAL NAME
Personal name Pokhrel, Kalpana
245 ## - TITLE STATEMENT
Title Classroom management in teaching speaking skills
260 ## - PUBLICATION, DISTRIBUTION, ETC. (IMPRINT)
Place of publication, distribution, etc Kathmandu:
Name of publisher, distributor, etc TU,
Date of publication, distribution, etc 2016.
502 ## - DISSERTATION NOTE
Dissertation note Dissertation
Degree type Degree in Education (English)
Name of granting institution TU
650 ## - SUBJECT ADDED ENTRY--TOPICAL TERM
Topical term or geographic name as entry element English language
650 ## - SUBJECT ADDED ENTRY--TOPICAL TERM
Topical term or geographic name as entry element Classroom teaching
650 ## - SUBJECT ADDED ENTRY--TOPICAL TERM
Topical term or geographic name as entry element Classroom management
-- 17071
650 ## - SUBJECT ADDED ENTRY--TOPICAL TERM
Topical term or geographic name as entry element Speaking skills
942 ## - ADDED ENTRY ELEMENTS (KOHA)
Source of classification or shelving scheme Dewey Decimal Classification
Koha item type Audio Visual Materials
Holdings
Withdrawn status Lost status Source of classification or shelving scheme Damaged status Not for loan Home library Current library Date acquired Total Checkouts Full call number Barcode Date last seen Price effective from Koha item type
    Dewey Decimal Classification     Tribhuvan University Central Library Tribhuvan University Central Library 03/03/2017   CD12440 A12385 03/03/2017 03/03/2017 Audio Visual Materials